El 68 contado por niñxs /
Na minha lista:
| Autor principal: | |
|---|---|
| Outros Autores: | |
| Formato: | Livro |
| Idioma: | espanhol |
| Publicado em: |
México :
UNAM : Centro Cultural Universitario Tlatelolco,
2021, c2021
|
| coleção: | (A Mano Alzada ;
3) |
| Assuntos: | |
| Tags: |
Sem tags, seja o primeiro a adicionar uma tag!
|
MARC
| LEADER | 00000nam^a2200000^a^4500 | ||
|---|---|---|---|
| 001 | 000629386 | ||
| 005 | 20260318000000.0 | ||
| 009 | 20260407175347.4 | ||
| 020 | |a 978-607-30-5294-8 | ||
| 020 | |a 978-607-30-3724-2 | ||
| 037 | |a Acervo ITESO - Biblioteca | ||
| 041 | |a ESP | ||
| 082 | |a 322. 44 |b PES | ||
| 100 | |a Pesina, Liliana |e (edición) | ||
| 245 | 1 | 3 | |a El 68 contado por niñxs / |c Ed. de L. Pesina... [et al.] ; texto e il. de D.A. García Colín... [et al.]. |
| 264 | 4 | |a México : |b UNAM : |b Centro Cultural Universitario Tlatelolco, |c 2021, c2021 | |
| 300 | |a 58 p. | ||
| 336 | |a texto |b txt |2 rdacontenido | ||
| 337 | |a sin mediación |b n |2 rdamedio | ||
| 338 | |a volumen |b nc |2 rdasoporte | ||
| 440 | 1 | |a (A Mano Alzada ; |v 3) | |
| 521 | |a FIL 2025 DIA | ||
| 649 | |a XX | ||
| 650 | |a Libros para Niños | ||
| 650 | |a Movimiento Estudiantil de 1968 - |x Tema Principal | ||
| 650 | |a Movimientos Estudiantiles - |z México - |x Historia - |y 1964-1970 - |x Tema Principal | ||
| 650 | |a Movimientos Estudiantiles - |z México - |x Historia - |y Siglo XX | ||
| 650 | |a Movimientos Sociales - |z México - |x Historia - |y 1964-1970 | ||
| 650 | |a Movimientos Sociales - |z México - |x Historia - |y Siglo XX | ||
| 650 | |a Educación y Política - |z México - |x Historia - |y 1964-1970 | ||
| 650 | |a Educación y Política - |z México - |x Historia - |y Siglo XX | ||
| 650 | |a Educación Superior - |z México - |x Historia - |y 1964-1970 | ||
| 650 | |a Educación Superior - |z México - |x Historia - |y Siglo XX | ||
| 650 | |a Represión - |z México - |x Historia - |y 1964-1970 | ||
| 650 | |a Represión - |z México - |x Historia - |y Siglo XX | ||
| 650 | |a Violencia Política - |z México - |x Historia - |y 1964-1970 | ||
| 650 | |a Violencia Política - |z México - |x Historia - |y Siglo XX | ||
| 650 | |a México - |x Condiciones Políticas | ||
| 650 | |a Política - |z México - |x Historia - |y 1964-1970 | ||
| 650 | |a Política - |z México - |x Historia - |y Siglo XX | ||
| 700 | |a García Colín, Diego A. |e (texto e ilustración) | ||
| 910 | |a Fondo General | ||
| 920 | |a Impresos - Libros | ||
| 930 | |a Colección General | ||
| 905 | |a 101 | ||
| 901 | |a 629672-10 |b IT1 |c ACC |i C191498 |u 20260318 | ||
| 902 | |a https://opac.biblio.iteso.mx/vufind/Record/000629386 | ||